Top 15 landen met Covid-19 sterfgevallen - 14 december - Statistieken

Algemene statistieken
  • Deze quiz is 3 keer genomen
  • De gemiddelde score is 9 van 21
Antwoordstatistieken
land % Correct
Frankrijk
100%
Rusland
100%
Verenigde Staten
100%
Verenigd Koninkrijk
100%
Argentinië
50%
België
50%
Brazilië
50%
India
50%
Italië
50%
Mexico
50%
Polen
50%
Spanje
50%
Zuid-Afrika
50%
Armenië
0%
Bosnië en Herzegovina
0%
Colombia
0%
Iran
0%
Noord-Macedonië
0%
Peru
0%
Slovenië
0%
Tsjechië
0%
Geen overeenkomende quizzen gevonden
Scoreverdeling
Procent van Mensen met Elke Score
Percentiel versus Aantal Correcte Antwoorden
Uw Scoregeschiedenis
U heeft deze quiz nog niet genomen